| 000 | 00751cam a2200241 a 4500 | ||
|---|---|---|---|
| 001 | 000007765 | ||
| 005 | 20200929154306.0 | ||
| 008 | 790329s1993 sp 000 e spa | ||
| 020 | _a8432230391 | ||
| 040 |
_aDO-SdBNP _bspa _cBNPHU |
||
| 082 |
_a864.62 _bZ24c, 1993 |
||
| 100 | 1 |
_aZambrano Alarcón, María, _d1904-1991 _921456 |
|
| 245 | 1 | 0 |
_aClaros del bosque / _cMaría Zambrano Alarcón. |
| 250 | _a4a ed. | ||
| 260 |
_aBarcelona : _bSeix Barral, _c1993. |
||
| 300 |
_a159 p. ; _c20 cm. |
||
| 490 | 0 | _aBiblioteca de Bolsillo | |
| 504 | _aIncluye índice p. (157-159). | ||
| 650 | 4 |
_aEnsayos españoles _93095 |
|
| 650 | 4 |
_aEnsayos españoles _ySIGLO XX _920764 |
|
| 650 | 4 |
_aLiteratura española _9632 |
|
| 830 | 0 |
_aBiblioteca de Bolsillo. _95816 |
|
| 999 |
_c7543 _d7543 |
||